Bảo vệ rơle và tự động hóa trong hệ thống điện

Nội dung giới thiệu các nguyên lý thực hiện bảo vệ Rơle, bảo vệ các phần tử hệ thống điện, tự động hóa trong hệ thống điện.

Đã lưu trong:
書目詳細資料
主要作者: Nguyễn, Hoàng Việt
格式: 圖書
語言:Undetermined
出版: Thành phố Hồ Chí Minh Đại học Quốc gia Thành phố Hồ Chí Minh 2001
主題:
標簽: 添加標簽
沒有標簽, 成為第一個標記此記錄!
Thư viện lưu trữ: Trung tâm Học liệu Trường Đại học Cần Thơ
LEADER 00934nam a2200217Ia 4500
001 CTU_56766
008 210402s9999 xx 000 0 und d
020 |b 58000 
082 |a 621.317 
082 |b V308 
100 |a Nguyễn, Hoàng Việt 
245 0 |a Bảo vệ rơle và tự động hóa trong hệ thống điện 
245 0 |c Nguyễn Hoàng Việt 
260 |a Thành phố Hồ Chí Minh 
260 |b Đại học Quốc gia Thành phố Hồ Chí Minh 
260 |c 2001 
520 |a Nội dung giới thiệu các nguyên lý thực hiện bảo vệ Rơle, bảo vệ các phần tử hệ thống điện, tự động hóa trong hệ thống điện. 
650 |a Electric power systems,Electric relays,Relay control systems 
650 |x Control 
904 |i Qhieu 
980 |a Trung tâm Học liệu Trường Đại học Cần Thơ